000 00879nas a2200289 4500
001 BR0404999
003 BR-BrBNA
005 20231205104917.0
007 ta
008 230509b bl.|||p| |||| 00| 00por d
040 _aBR-BrBNA
_bpor
_cBiblioteca Nacional de Agricultura
041 _a(Pt)
072 _aF04; F61
100 1 _aMaia, S.M.F.
100 1 _aOliveira, T.S. de
100 1 _aOliveira, F.N.S.
245 1 _aPlantas espontâneas na cobertura do solo e acúmulo de nutrientes em áreas cultivadas com cajueiro
650 _aCAJU
650 _aSOLO
650 _aADUBO VERDE
650 _aCOBERTURA DO SOLO
650 _aABSORÇÃO DE NUTRIENTES
650 _aCULTIVO INTERCALADO
773 0 _tRevista Ceres (Brazil)
_xISSN 0034-737X
_g(Jan-Feb 2004), v. 51(293) p. 83-97
_wBR0404999
909 _a202311
_bLúcia
_c55
_dLúcia Elande
942 _2AGRIS
_n0
_cANA
999 _c180252
_d180252